| 000 | 01049nam0a22003251 4500 | ||
|---|---|---|---|
| 001 | v19\rc\1782499 | ||
| 005 | 20250619083801.0 | ||
| 035 | _a(NLR Aleph) 004892054 | ||
| 090 |
_a5281840 _c5281840 |
||
| 100 | _a20061204d1904 |||y0rusy50 ca | ||
| 101 | 0 | _arus | |
| 102 | _aRU | ||
| 105 | _ay z |||a| | ||
| 200 | 1 |
_a1. Чертовая долина _a2. Тайна серой кошки _e[Рассказы] _fА.С. Поль |
|
| 210 |
_aМосква _cД.П. Ефимов _d1904 |
||
| 215 |
_a19 с. _d20 |
||
| 300 | _aНа обл. 1-го изд. С.[!]А.[!] Поль | ||
| 517 | 0 | _aЧертова долина | |
| 517 | 0 | _aТайна серой кошки | |
| 700 | 1 |
_aПоль _bА. С. _cписатель _f19 в. _9128105 _3RU\NLR\AUTH\770128131 |
|
| 790 | 1 |
_aПоль _bС. _gС.[!]А.[!] |
|
| 801 | 0 |
_aRU _bNLR _gpsbo |
|
| 801 | 0 |
_aRU _bRuMoRGB _2psbo |
|
| 801 | 1 |
_aRU _bProSoft-M _2rusmarc |
|
| 852 |
_aNLR _j34.83.4.1033 |
||
| 899 |
_aRuMoRGB _jA 281/426 |
||
| 899 |
_aRuMoRGB _jU 248/1480 |
||
| 899 | _aБАН | ||
| 942 | _cBOOK | ||
| 980 | _aNB | ||